000 01568nam0a2200361 i 4500
001 RU\NLR\BIBL_A\010950025
005 20260503061410.0
010 _a9785699804832
_93000
021 _aRU
_b2015-97121
_96030
035 _a(NILC)RuMoRGB-008097364
035 _a(NLR Aleph) 010950025
090 _a10777177
_c10777177
100 _a20160112d2016 u y0rusy50 ca
101 0 _arus
102 _aRU
105 _aach|f|||000yy
200 1 _aМонеты СССР и постсоветского пространства
_eбольшая хронологическая энциклопедия : от 1917 года до наших дней
_fИ.А. Ларин-Подольский
210 _aМосква
_cЭ
_d2016
_d[т.е. 2015]
215 _a253 с.
_cцв. ил., портр., факс.
_d29
225 1 _aПодарочные издания
_iКоллекционирование
300 _aНа обл. авт. не указан
300 _aКн. фактически изд. в 2015 г.
320 _aБиблиогр.: с. 253 (37 назв.)
606 1 _aМонеты советские
_91669822
_3RU\NLR\AUTH\66740457
606 1 _aМонеты
_yРоссийская Федерация
_92287119
_3RU\NLR\AUTH\6601597737
675 _a73
686 1 _aТ221(2)7я20
700 1 _aЛарин-Подольский
_bИ.А.
_gИгорь Александрович
_3RU\NLR\AUTH\770134074
_9134040
801 0 _aRU
_bРГБ
_c20151216
_gRCR
942 _cBOOK
980 _aNBR